Quizzes
Events
Quiz Creation
Community
Videos
Private Events
Remove Ads
Sign In
Join for FREE
Feedback
Dark Mode
Quiz Categories
Sports
Geography
Music
Movies
Television
Just For Fun
Miscellaneous
History
Literature
Language
Science
Gaming
Entertainment
Religion
Holiday
For Kids
Quiz Lab
Recent
Popular Today
Quiz Kudos Today
Editor Picks
Curator Picks
Quizzes by...
Day
Popularity
Type
Ratings
Length
Year
Community
Subscriptions
Recent Discussions
Orange Saloon
Badges
Playlists
Quests
Create
Leaderboards
Showdown
Live 5
Trivia Bingo
Activity
Puzzle Library
Sporcle Events
Private Events
Virtual Trivia
Globe League
Become a Host
Pub Owners
SporcleCon
Opinionation
Our Games
Videos
Blog
Mobile Apps
Partnerships
Remove Ads and Go Orange
Feedback
Television
TV Characters
TV Show
Sitcom
Network
Friends
Reality Shows
Cast
South Park
Star Trek
The Simpsons
Doctor Who
Television
TV Characters
TV Show
Sitcom
Network
Friends
Reality Shows
Cast
South Park
Star Trek
The Simpsons
Doctor Who
Random Quiz
Search Sporcle
×
Quiz Lab
Quiz Lab
Television
The Simpsons
Type in answers that appear in a list
Type in answers that appear in a list
Classic
Best Score? Go Orange.
The Simpsons Character Quiz Stats
Can you name the The Simpsons Character Quiz?
By
Chaos
18m
199 Questions
122 Plays
122 Plays
122 Plays
Comments
Comments
Give Quiz Kudos
Give Quiz Kudos
-
- Ratings
hide this ad
Replay
Link that replays current quiz
Next Quiz
Link to next quiz in quiz playlist
You Got
0%
They Got
Avg Score
6%
Avg Friend Score
Upgrade to see
Score Distribution
Jump to the score distribution portion of the page
Score
0/199
Timer
18:00
0
Plays Today
Character
% Correct
Bart Simpson
63.3%
Marge Simpson
52.5%
Lisa Simpson
50%
Maggie Simpson
45.8%
Abe Simpson
33.3%
Ned Flanders
32.5%
Apu
28.3%
Todd Flanders
25.8%
Maude Flanders
25.8%
Toshiro
25%
Rod Flanders
24.2%
Ralph Wiggum
24.2%
Milhouse Van Houten
23.3%
Chief Wiggum
23.3%
Snowball
21.7%
Waylon Smithers
20.8%
Santa's Little Helper
20.8%
Barney Gumble
20%
Carl
20%
Patty Bouvier
19.2%
Mona Simpson
18.3%
Selma Bouvier
18.3%
Lenny Leonard
16.7%
Itchy
15%
Comic Book Guy
15%
Sideshow Bob
15%
Jimbo Jones
15%
Kirk Van Houten
15%
Scratchy
14.2%
Helen Lovejoy
14.2%
Otto
14.2%
Sideshow Mel
13.3%
Martin Prince
13.3%
Snake
12.5%
Reverend Lovejoy
12.5%
Manjula
11.7%
Bumblebee Man
11.7%
Sherri
11.7%
Terri
11.7%
Groundskeeper Willie
11.7%
Luann Van Houten
11.7%
Dolph
10.8%
Troy McClure
9.2%
Dr. Hibbert
9.2%
Hans Moleman
9.2%
Kodos
8.3%
Edna Krabappel
8.3%
Superintendent Chalmers
8.3%
Kang
8.3%
Professor Frink
8.3%
Sarah Wiggum
8.3%
Disco Stu
7.5%
Mayor Quimby
7.5%
Duffman
7.5%
Lionel Hutz
7.5%
Kent Brockman
6.7%
Moe Szyslak
6.7%
Krusty the Klown
6.7%
Jasper
6.7%
Crazy Cat Lady
6.7%
Agnes Skinner
6.7%
Fat Tony
6.7%
Louie
6.7%
Wendell
5.8%
Bleeding Gums Murphy
5%
Blinky
5%
Lunch Lady Doris
5%
Character
% Correct
Jacqueline Bouvier
5%
Cletus Spuckler
5%
Brandine Spuckler
5%
Mr. Teeny
5%
Poochie
4.2%
Seymor Skinner
4.2%
Radioactive Man
4.2%
Herman
4.2%
Charles Mongomery Burns
3.3%
Ms. Hoover
3.3%
Lurleen Lumpkin
3.3%
Fall Out Boy
3.3%
Gil Gunderson
3.3%
Jessica Lovejoy
3.3%
Cecil Terwilliger
2.5%
Artie Zif
2.5%
Jacques
2.5%
Frank Grimes
1.7%
Officer Lou
1.7%
Officer Eddy
1.7%
Rainier Wolfcastle
1.7%
Dr. Nick Rivera
1.7%
Dr. Marvin Monroe
1.7%
Hugo
1.7%
Akira
1.7%
Cookie Kwan
1.7%
Luigi
1.7%
Ruth Powers
1.7%
Herbert Powell
1.7%
Jebediah Springfield
1.7%
Drederick Tatum
1.7%
Rabbi Krustofski
1.7%
Nelson Munz
0.8%
Kerney
0.8%
Mindy Simmons
0.8%
Russ Cargil
0.8%
Janie
0.8%
Princess Kashmir
0.8%
Capital City Goofball
0.8%
Captain McCallister
0.8%
Roger Meyers Jr.
0.8%
Amber Simpson
0.8%
Baby Gerald
0.8%
Mr. Largo
0.8%
Ling Bouvier
0.8%
Larry Burns
0.8%
Lyle Lanley
0.8%
Colin
0.8%
Pyro
0.8%
Rich Texan
0.8%
Mr. Sakamoto
0.8%
Laddie
0%
Louis
0%
Sherri Bobbins
0%
Clobber Girl
0%
Stretch Dude
0%
Pie Man
0%
Cupcake Kid
0%
Malibu Stacey
0%
Hank Scorpio
0%
Groundskeeper Seamus
0%
Arnie Pye
0%
Dr. Colossus
0%
Asa Phelps
0%
Boobarella
0%
Judge Snyder
0%
Judge Constance Harm
0%
Character
% Correct
Captain Lance Murdock
0%
Dr. J. Loren Pryer
0%
Ginger Flanders
0%
Utur
0%
Gladys Bouvier
0%
Principal Dondelinger
0%
Coach Krupt
0%
Mr. Bergstrom
0%
Mary Bailey
0%
Rachel Jordan
0%
Princess Penelope
0%
El Barto
0%
Ms. Botz
0%
Francesca Terwilliger
0%
Robert Terwilliger Sr.
0%
Gino Terwilliger
0%
Boobarella
0%
Malloy
0%
Frank Grimes Jr.
0%
Mr. Blackheart
0%
Walt Warren
0%
Freddy Quimby
0%
Dean Peterson
0%
Ms. Sinclair
0%
Matt Groening
0%
Al Simmons
0%
Jack Marley
0%
Waylon Smithers Sr.
0%
Inanimate Carbon Rod
0%
Eugene Fisk
0%
Zutroy
0%
Abbie Simpson
0%
Beatrice Simmons
0%
Big Daddy
0%
Belle
0%
Big Boob Lady
0%
Mr. Black
0%
The Collector
0%
Xena
0%
Leamont
0%
Senor Spielbergo
0%
Bartman
0%
Dirk Richter
0%
MAson Fairbanks
0%
Mr. Sparkle
0%
Jyro
0%
Sheldon Skinner
0%
Ox
0%
Rex Banner
0%
Renee
0%
Starla
0%
Roscoe
0%
Strawberry
0%
Peter Griffin
0%
Mr. Thai
0%
Thad
0%
Baron Von Kiss-A-Lot
0%
Yakuza
0%
Wink
0%
Iggy Wiggum
0%
Dr. Zweig
0%
Emily Winthrop
0%
Vampire Edna
0%
Bastardo Van Houten
0%
Mr. Vanderbilt
0%
Quiz Playlist
Details
Report
Send in Message
Add To Playlist
Classic:
Type in answers that appear in a list
Last Updated: Feb 16, 2017
Quiz Scoreboard
CHALLENGE
Sign Up to Join the Scoreboard
Show All
Scores
Hide
Comments
May contain spoilers
Recently Published
An Introduction to Baseball
by treessimontrees
Sports
5m
Movies - When Are They Set?
by FPL_Elf
Movies
5m
Popular People in 1961
by mucciniale
History
6m
More to Explore
Quiz From the Vault
Featured Blog Post
Where Did the Easter Bunny Come From?
hide this ad
You Might Also Like...
Tags
Animation Quiz
The Simpsons Quiz
Character
Today's Top Quizzes in Television
Browse Television
hide this ad
Today's Top Quizzes in The Simpsons
Browse The Simpsons
Top Contributed Quizzes in Television
1
One Piece Logic Puzzle
2
Survivor Logic Puzzle: Heroes vs. Villains
3
Survivor Seasons
4
Survivor Season by Logo
5
5-to-1: The Simpsons Families
6
Survivor Trivia
7
One Thing in Common: Television
8
Who Wants to Be a Millionaire?
9
Survivor Logic Puzzle: Winners at War
10
Ultimate Survivor Logic Puzzle
Explore More
Trending Topics
Harry Potter
Anime
Crossword
NBA
Marvel
Disney
Kpop
Puzzle
Soccer
Song
Pokémon
Country
NFL
WWE
The Office
hide this ad
More By:
Chaos
Quiz
Plays
Rating
Category
Featured
Created
75 Sexy Pro-Wrestling Women
535
1.38
Television
Feb 22, 2011
The Nexus
428
2.25
Sports
Apr 30, 2011
BtVS: Opening Slayer Narration
311
4.00
Television
May 27, 2011
Legend of Zelda Musical Instruments
301
2.80
Gaming
May 5, 2011
Buffy:Scooby Gang Members
299
1.25
Television
May 27, 2011
Go to Creator's Profile
Score Distribution
Quiz Creator Spotlight
Chaos
Follow
Send a Message
Quizzes Created
-
Created Quiz Play Count
-
More By This Creator
Popular Quizzes Today
1
Find the Countries of Europe - No Outlines Minefield
2
Find the US States - No Outlines Minefield
3
The Countries of the World
4
Popular People in 1961
5
US States
6
1-10 Letter E Words III
7
Find the US States
8
One Thing in Common: World Cities II
More Television Quizzes
British TV Detectives
Curator's Pick
Trending Quizzes
Risky Map Clicking: Least Populous States A-Z
1-10 Letter F Words
1-10 Letter G Words
One Thing in Common: United Kingdom
Risky Map Clicking: Next State Alphabetically
Recently Updated
Leaping Animals
pecheneg
Reality TV Shows (A-Z)
bhenderson79
Rickey Henderson's Hall of Fame Teammates
pecheneg
Champions League XIs: Arsenal
pecheneg
Quick Pick: Celebrities in WWE's Hall of Fame
aduchscher
A-Z Keypad Blitz II
pecheneg
Multiple Oscar Actors
pecheneg
Mystery Phrase Blitz: Oscar 'Best Actors'
pecheneg
F. Scott Fitzgerald Novels
LTH
Pick 3 Villains
ddd62291
Trending Topics
Harry Potter
NBA
Anime
Kpop
Disney
Crossword
Marvel
NFL
Puzzle
WWE
Song
Pokémon
Soccer
Country
The Office
Your Account Isn't Verified!
In order to create a playlist on Sporcle, you need to verify the email address you used during registration. Go to your
Sporcle Settings
to finish the process.
Report this User
Report this user for behavior that violates our
Community Guidelines
.
Details:
Send Report
Go to the Sporcle.com Mobile Site →
Comments